| 000 | 00680nam a2200205 a 4500 | ||
|---|---|---|---|
| 999 |
_c7401 _d7401 |
||
| 003 | OSt | ||
| 005 | 20211117122620.0 | ||
| 008 | 961113s1996 spco || o000 |bcat| | ||
| 017 | _aDL B. 14230-1996 | ||
| 020 | _a848939301X | ||
| 040 |
_aCDMR _c0 |
||
| 080 | _a929Fontbernat, Josep | ||
| 100 | 1 |
_aCasademont, Emili _91380 |
|
| 245 | 1 | 2 |
_aL'Home d'"Els cent homes" : _baproximació a la vida i obra de Josep Fontbernat / _cEmili Casademont i Comas |
| 260 |
_aBescanó : _bl'Ajuntament ; _aAnglès : _bl'Ajuntament, _c1996 |
||
| 300 |
_a218 p. : _bil. ; _c22 cm |
||
| 600 | 0 |
_aFontbernat, Josep _94706 |
|
| 650 | 0 | 0 |
_aRadiodifusió _zCatalunya _xBiografies _93105 |
| 942 |
_2udc _cMON |
||